000 00555nam a2200193Ia 4500
003 OSt
005 20250212092731.0
008 210210b1987 xxu||||| |||| 00| 0 eng d
040 _cAL
041 _aKannada
082 _aK894.3 RADN
100 _aRADHADEVI (H G).
_9140203
_dರಾಧಾದೇವಿ (ಹೆಚ್ ಜಿ)
245 _aNinna Sihi Nenapu
_bನಿನ್ನ ಸಿಹಿ ನೆನಪು
260 _aBengaluru
_bRajalakshmi Prakashana
_c1987
300 _a234
690 _aKannada Fiction
_9140204
906 _a041570
942 _2ddc
_cBK
999 _c91394
_d91394